00442nam a2200157Ia 4500008004100000082002100041100002600062245003200088250000600120260003500126300000700161600002600168630003200194700002600226730003200252151018s9999 xx 000 0 und d bRBASDV42974a824 aKaushik Bhattacharya aScience Journalism In India b1 bCalcutta Journalism clubc2005 a58 aKaushik Bhattacharya aScience Journalism In India aKaushik Bhattacharya aScience Journalism In India